Congress and foreign policy

Gorde:
Xehetasun bibliografikoak
Egile nagusia: Dahl, Robert Alan (Egilea)
Formatua: Liburua
Hizkuntza:ingelesa
Argitaratua: Nueva York The Norton Library 1964
Gaiak:
Etiketak: Etiketa erantsi
Etiketarik gabe, Izan zaitez lehena erregistro honi etiketa jartzen!

MARC

LEADER 00000nam a2200000 a 4500
001 UCT8591
003 CL-VaPUC
008 970326e19640000US |||||||||||||||||eng|d
082 0 4 |a 328.346  |b DAH  |2 21 
100 0 |a Dahl, Robert Alan  |e author  |9 380397 
245 1 0 |a Congress and foreign policy 
300 |a 305 p 
942 |c BK 
945 |d 19970326 00:00:00  |a paguirre 
260 |a Nueva York  |b The Norton Library  |c 1964 
650 0 |a Parlamento  |9 338611 
650 0 |a Poder legislativo  |9 258808 
650 0 |a Política internacional  |9 255813 
650 0 |a Relaciones Internacionales  |9 255740 
650 0 |a Partidos políticos  |9 254999 
650 0 |a Democracia  |9 255256 
651 0 |a Estados Unidos  |9 255178 
583 |a last modification  |c 19970326 00:00:00  |k Rodrigo Vera 
999 |c 257080  |d 257078 
952 |0 0  |1 0  |4 0  |6 328_346000000000000_DAH_1964  |7 0  |8 A  |9 280320  |a BIBDER  |b BIBDER  |d 2019-11-19  |i 1813382  |o 328.346 DAH 1964  |p 1813382  |r 2023-01-25  |w 2019-11-19  |y BK  |k DER